000 00279nam a22001217a 4500
003 SGT
082 _a614
_bC15S
100 _aSINGH,MANISH KUMAR
245 _aCOMPLETE REVIEW OF PREVENTIVE AND SOCIAL MEDICINE
260 _aINDIA
_bCBS
_c2015
300 _a616
942 _2ddc
_cBK
_03
999 _c14088
_d14088